000 00446nam a2200157 4500
001 128127
003 ES-MaACL
005 20230906193153.0
007 t|
008 070214s1948 ag r ||||1| spa d
100 1 _aRocas, Eduardo.
_998030
245 1 3 _aLa atracción de la carne /
_cEduardo Rocas.
260 _aBuenos Aires :
_b[s.n.],
_c1948 (
_fTalls. Gráf. Universo)
300 _a502 p. ;
_c20 cm.
852 _aES-MaACL
_jF-5259
_bR.26545
999 _c128127
_d128127